| 000 | 00892pam a2200265 a 4500 | ||
|---|---|---|---|
| 999 |
_c4506 _d4506 |
||
| 003 | OSt | ||
| 005 | 20220324060056.0 | ||
| 008 | 840622s1985 paua 001 0 eng | ||
| 020 | _a0721612024 | ||
| 040 | _cDLC | ||
| 050 | 0 | 0 |
_aQM557 _b.L42 1985 |
| 100 | 1 |
_aLeeson, C. Roland _d1926- |
|
| 245 | 1 | 0 |
_aAtlas of histology / _cC. Roland Leeson, Thomas S. Leeson, Anthony A. Paparo. |
| 250 | _a2nd ed. | ||
| 260 |
_aPhiladelphia : _bSaunders, _c1985. |
||
| 300 |
_avi, 321 p. : _bill. (some col.) ; _c25 cm. |
||
| 500 | _aCompanion volume to: Textbook of histology/by Leeson, Leeson, and Paparo. | ||
| 500 | _aIncludes index. | ||
| 650 | 0 |
_aHistology _xAtlases. |
|
| 700 | 1 | _aLeeson, Thomas Sydney. | |
| 700 | 1 | _aPaparo, Anthony A. | |
| 700 | 1 |
_aLeeson, C. Roland _q(Charles Roland), _d1926- _tTextbook of histology. |
|
| 906 |
_a7 _bcbc _corignew _d1 _eocip _f19 _gy-gencatlg |
||
| 942 |
_2lcc _cBK |
||